000 01457nam a2200349 c 4500
003 BLK
005 20250329154943.0
008 180411b bul|||||r ||||||| ||bul||
010 _aKNG00179941000
040 _aBLK
041 _aBUL
_cBUL
080 _aБългарска литература
_b821.163.2
_x-94
_z821.163.2-94
080 _aИстория на България
_b94(497.2)
_x(093)
_z94(497.2)(093)
100 _aПаисий Хилендарски
_d1722-1773
_gНароден будител
_qХадживълчев, Пенко (Петър) Михаилов
_9251543
700 1 _aДинеков, Петър Николов
_eпод ред. на
_9363799
139 _aПаисий Хилендарски
_bП 14
245 1 0 _aСлавянобългарска история
_cПаисий Хилендарски; под ред. на Петър Николов Динеков.
257 _aBGR
260 София
_bМедицина и физкултура
_c1959
300 _a132 с.
_c20 см
380 _aX
500 _a1. изд. 1938. - 15 000 тир.
650 0 _aБългария - история - извори
_9254752
653 _aбългарска история
653 _aизвори
852 _aЦб І 2836
856 4 _qpdf
_u
856 4 _qpdf
_u
942 _cKNG
_n0
944 _aCR
_c17.08.2015
_k30560
_lГеновева Генчева
944 _aED
_c17.08.2015
_kКети_Илиева
999 _c171659
_d171659